000 01140nam a2200241 a 4500
001 41395
003 BD-RjUL
005 20211209053359.0
008 160530s1982 ii a|||| b||| 001 0 ben d
020 _c: Tk. 75.00
035 _a(BD-RjUL) 41512
040 _aBD-RjUL
_bben
_cBD-RjUL
041 _aben
082 _223
_a891.4414
_bBAR 1982
100 1 _aবন্দ্যোপাধ্যায়, সোমেন্দ্রনাথ
_9127267
245 1 0 _aরবীন্দ্র-চিত্রকলা :
_bরবীন্দ্রসাহিত্যের পটভূমিকা /
_c সোমেন্দ্রনাথ বন্দ্যোপাধ্যায়
260 _aকলিকাতা :
_bদে'জ পাবলিশিং,
_c১৯৮২
300 _a[১৯], ৩৩০ পৃ. :
_bচিত্র ;
_c২৩ সেমি.
504 _aগ্রন্থপঞ্জি ও নির্ঘণ্ট সংযুক্ত
600 _aঠাকুর, রবীন্দ্রনাথ
_d১৮৬১-১৯৪১
_9127273
600 _aTagore, Rabindranath
_d1861-1941
_9127274
942 _2ddc
_cBK
999 _c41395
_d41395